|
|
|
|
| LEADER |
01638nam a2200433 a 4500 |
| 001 |
nkc20081831379 |
| 003 |
CZ PrNK |
| 005 |
20090430074700.0 |
| 007 |
ta |
| 008 |
081120s2008 xr a e p 000 0 cze |
| 015 |
|
|
|a cnb001831379
|
| 020 |
|
|
|a 978-80-7013-486-3
|q (brož.)
|
| 035 |
|
|
|a (OCoLC)316300667
|
| 040 |
|
|
|a BOA001
|b cze
|
| 072 |
|
7 |
|a 616
|x Patologie. Klinická medicína
|2 Konspekt
|9 14
|
| 072 |
|
7 |
|a 37.016
|x Učební osnovy. Vyučovací předměty. Učebnice
|2 Konspekt
|9 22
|
| 080 |
|
|
|a 616.21
|2 MRF
|
| 080 |
|
|
|a 617-089.163/.168
|2 MRF
|
| 080 |
|
|
|a (07)
|2 MRF
|
| 100 |
1 |
|
|a Plch, Josef,
|d 1944-
|7 xx0082358
|4 aut
|
| 245 |
1 |
0 |
|a Otorinolaryngologie v perioperační péči /
|c Josef Plch
|
| 246 |
3 |
0 |
|a Otorinolaryngologie
|
| 250 |
|
|
|a 2., přeprac. vyd.
|
| 260 |
|
|
|a Brno :
|b Národní centrum ošetřovatelství a nelékařských zdravotnických oborů,
|c 2008
|
| 300 |
|
|
|a 213 s. :
|b il. ;
|c 21 cm
|
| 504 |
|
|
|a Obsahuje bibliografii
|
| 521 |
8 |
|
|a Určeno pro specializační studium, studující LF
|
| 650 |
0 |
7 |
|a otorinolaryngologie
|7 ph123870
|2 czenas
|
| 650 |
0 |
7 |
|a perioperační péče
|7 ph134960
|2 czenas
|
| 650 |
0 |
9 |
|a otorhinolaryngology
|2 eczenas
|
| 650 |
0 |
9 |
|a perioperative care
|2 eczenas
|
| 655 |
|
7 |
|a učební texty
|7 fd133599
|2 czenas
|
| 655 |
|
9 |
|a educational texts
|2 eczenas
|
| 856 |
4 |
1 |
|u http://www.digitalniknihovna.cz/mzk/uuid/uuid:3cbf1f50-c3db-11e4-b2e2-005056827e52
|y Digitalizovaný dokument
|x NDK
|
| 910 |
2 |
|
|a BOA001
|b 2-1214.907
|
| 990 |
|
|
|a BK
|
| 995 |
|
|
|a 01
|
| 991 |
|
|
|b 200901
|c NOV
|
| 996 |
6 |
|
|b 2610362346
|c 2-1214.907
|l MZK
|r Sklad / do 1 hodiny
|n 9
|p p.v.
|w 000924684
|u 000010
|a 1
|e BOA001
|j MZK50
|s P
|